00350nam a22000977a 4500008004100000040005500041080001900096245008100115260004600196650001000242230515b |||||||| |||| 00| 0 eng d aNational Science LibrarycNational Science Library aR 058(540)bP3 aIndia 2003: c/ Research Reference and Training DivisionbA reference annual aNew Delhi: bPublication Division, c2003 aIndia